Science Quiz

Random Science Quiz

Element Etymology Part II Quiz Stats

 Plays Quiz not verified by Sporcle

Score 0/25 Timer 10:00
0 Plays Today
% Correct
Germanium
89.7%
Gallium
84.6%
Yttrium
82.1%
Selenium
74.4%
Krypton
74.4%
Technetium
74.4%
Copper
66.7%
Rubidium
66.7%
Niobium
66.7%
Palladium
66.7%
Ruthenium
64.1%
Iron
56.4%
Nickel
56.4%
% Correct
Silver
53.8%
Rhodium
51.3%
Cobalt
48.7%
Bromine
48.7%
Strontium
43.6%
Molybdenum
43.6%
Cadmium
43.6%
Indium
41%
Tin
38.5%
Zinc
35.9%
Arsenic
33.3%
Zirconium
33.3%

You're not logged in!

Compare scores with friends on all Sporcle quizzes.
OR
Log In

Sporcle TV

Today on Sporcle TV


Watch our educational content, quiz creation guides, and fun videos on Sporcle TV.

Show Comments

Extras

Top Quizzes Today


Score Distribution

Your Account Isn't Verified!

In order to create a playlist on Sporcle, you need to verify the email address you used during registration. Go to your Sporcle Settings to finish the process.

Report this User

Report this user for behavior that violates our Community Guidelines.

Details: